[Event "Pro-Am 2010"]
[Site "Villa Martelli ARG"]
[Date "2010.10.21"]
[Round "8.3"]
[White "Dolezal, Cristian"]
[Black "Rodriguez Vila, Andres"]
[Result "1/2-1/2"]
[WhiteElo "2413"]
[BlackElo "2537"]
[PlyCount "135"]
[EventDate "2010.10.10"]
[EventType "swiss"]
[EventRounds "9"]
[EventCountry "ARG"]
[Source "lmi"]
[SourceDate "2010.10.10"]

1. e4 e6 2. d4 d5 3. exd5 exd5 4. c3 c5 5. Bd3 Nc6 6. Nf3 c4 7. Bc2 Bd6 8. O-O
Nge7 9. Bg5 O-O 10. Re1 f6 11. Bh4 Nf5 12. Bg3 Nxg3 13. hxg3 Ne7 14. Nbd2 b5
15. a3 a5 16. Nh4 g6 17. Nf1 Rb8 18. Ne3 Qd7 19. Qf3 Bc7 20. Ng4 Qxg4 21. Rxe7
Qxf3 22. gxf3 Rb7 23. Ng2 Bd6 24. Ree1 Re7 25. Rxe7 Bxe7 26. Ne3 Rd8 27. f4 f5
28. Bd1 Be6 29. Bf3 h6 30. Re1 Kf7 31. Kg2 Bf8 32. Kg1 Kf6 33. Kg2 g5 34. fxg5+
hxg5 35. g4 f4 36. Nf5 Rd7 37. Re5 b4 38. axb4 axb4 39. Re1 Ra7 40. Re5 Ra5 41.
cxb4 Bxb4 42. Ng7 Bf7 43. Nh5+ Kg6 44. Rf5 Ra6 45. Bxd5 Bxd5+ 46. Rxd5 Rb6 47.
Rd7 Bd2 48. Rg7+ Kh6 49. Rc7 Rxb2 50. Rxc4 Be3 51. Rc6+ Kh7 52. Rc7+ Kg6 53.
Kf3 Bxd4 54. Ke4 Bxf2 55. Rc6+ Kf7 56. Rf6+ Ke7 57. Rf5 Bh4 58. Re5+ Kd6 59.
Rd5+ Kc6 60. Rd3 Re2+ 61. Kf3 Re1 62. Ng7 Rf1+ 63. Ke4 Rg1 64. Rc3+ Kb5 65. Nf5
Rxg4 66. Nxh4 f3+ 67. Kxf3 Rxh4 68. Rc8 1/2-1/2

[Event "Pro-Am 2010"]
[Site "Villa Martelli ARG"]
[Date "2010.10.21"]
[Round "8.4"]
[White "Real De Azua, Ernesto"]
[Black "Barrionuevo, Pablo"]
[Result "1/2-1/2"]
[WhiteElo "2432"]
[BlackElo "2365"]
[PlyCount "30"]
[EventDate "2010.10.10"]
[EventType "swiss"]
[EventRounds "9"]
[EventCountry "ARG"]
[Source "lmi"]
[SourceDate "2010.10.10"]

1. d4 Nf6 2. c4 g6 3. Nc3 d5 4. Bg5 Ne4 5. Bh4 Nxc3 6. bxc3 dxc4 7. e3 Be6 8.
Be2 Bg7 9. Nf3 O-O 10. O-O c5 11. Ng5 Bd5 12. e4 h6 13. exd5 hxg5 14. Bxg5 cxd4
15. Bxc4 dxc3 1/2-1/2

[Event "Pro-Am 2010"]
[Site "Villa Martelli ARG"]
[Date "2010.10.21"]
[Round "8.5"]
[White "Molina, Roberto Junio Brito"]
[Black "Diaz Hollemaert, Nahuel"]
[Result "0-1"]
[WhiteElo "2384"]
[BlackElo "2443"]
[PlyCount "72"]
[EventDate "2010.10.10"]
[EventType "swiss"]
[EventRounds "9"]
[EventCountry "ARG"]
[Source "lmi"]
[SourceDate "2010.10.10"]

1. d4 g6 2. e4 d6 3. Nc3 a6 4. Be3 b5 5. Qd2 Bb7 6. Bd3 Nd7 7. f3 c5 8. dxc5
dxc5 9. O-O-O Bc6 10. Kb1 Bg7 11. Bf1 Qa5 12. Nge2 Ngf6 13. Nf4 b4 14. Ncd5
Nxd5 15. Nxd5 e6 16. Nf4 O-O 17. Qf2 Rfc8 18. h4 Nb6 19. b3 Rd8 20. Be2 c4 21.
Bxb6 Qa3 22. c3 cxb3 23. Bc4 bxa2+ 24. Qxa2 Rdb8 25. Bd4 Ba4 26. Qxa3 bxa3+ 27.
Ka2 e5 28. Bd5 Bxd1 29. Rxd1 Rb2+ 30. Kxa3 Rab8 31. Nd3 R2b5 32. Nb4 exd4 33.
Nc6 dxc3 34. Rc1 Rb1 35. Nxb8 Rxc1 36. Nc6 Rb1 0-1

[Event "Pro-Am 2010"]
[Site "Villa Martelli ARG"]
[Date "2010.10.21"]
[Round "8.6"]
[White "Perez Rodriguez, Luis Manuel"]
[Black "Bitelmajer, Martin"]
[Result "1/2-1/2"]
[WhiteElo "2483"]
[BlackElo "2312"]
[PlyCount "37"]
[EventDate "2010.10.10"]
[EventType "swiss"]
[EventRounds "9"]
[EventCountry "ARG"]
[Source "lmi"]
[SourceDate "2010.10.10"]

1. e4 e5 2. Nf3 Nc6 3. Bb5 a6 4. Ba4 Nf6 5. O-O Be7 6. Re1 b5 7. Bb3 d6 8. c3
O-O 9. h3 Nb8 10. d4 Nbd7 11. Nbd2 Bb7 12. Bc2 Re8 13. Nf1 Bf8 14. Ng3 g6 15.
b3 Bg7 16. d5 Nb6 17. Be3 Rc8 18. Qd2 c6 19. c4 1/2-1/2

[Event "Pro-Am 2010"]
[Site "Villa Martelli ARG"]
[Date "2010.10.21"]
[Round "8.7"]
[White "Perez Ponsa, Federico"]
[Black "Wisniacki, Flavio"]
[Result "1-0"]
[WhiteElo "2469"]
[BlackElo "2257"]
[PlyCount "93"]
[EventDate "2010.10.10"]
[EventType "swiss"]
[EventRounds "9"]
[EventCountry "ARG"]
[Source "lmi"]
[SourceDate "2010.10.10"]

1. e4 c6 2. d4 d5 3. Nc3 dxe4 4. Nxe4 Bf5 5. Ng3 Bg6 6. h4 h6 7. Nf3 Nd7 8. h5
Bh7 9. Bd3 Bxd3 10. Qxd3 e6 11. Bd2 Ngf6 12. O-O-O Be7 13. Ne4 Nxe4 14. Qxe4
Nf6 15. Qd3 Qd5 16. c4 Qe4 17. Qb3 b5 18. Rde1 Qh7 19. Ne5 Rc8 20. Qh3 O-O 21.
c5 Nd5 22. Ng6 Rfe8 23. Rxe6 Bg5 24. Rd6 Rc7 25. f4 Bf6 26. Qd3 Ne7 27. Re1
fxg6 28. hxg6 Qxg6 29. Qxg6 Nxg6 30. Rxe8+ Kf7 31. Re4 Be7 32. Rde6 Bf6 33. f5
Ne7 34. g4 Nd5 35. Ba5 Bg5+ 36. Kc2 Rc8 37. Rd6 Kf8 38. Ree6 Ne3+ 39. Kd3 Nc4
40. Rxc6 Rxc6 41. Rxc6 Nxa5 42. Rc8+ Kf7 43. Rc7+ Kf8 44. d5 Nc4 45. Rxa7 Ne5+
46. Ke2 Nxg4 47. c6 1-0

[Event "Pro-Am 2010"]
[Site "Villa Martelli ARG"]
[Date "2010.10.21"]
[Round "8.9"]
[White "Della Morte, German"]
[Black "Saldano Dayer, Horacio"]
[Result "0-1"]
[WhiteElo "2361"]
[BlackElo "2406"]
[PlyCount "82"]
[EventDate "2010.10.10"]
[EventType "swiss"]
[EventRounds "9"]
[EventCountry "ARG"]
[Source "lmi"]
[SourceDate "2010.10.10"]

1. e4 c6 2. d4 d5 3. Nd2 dxe4 4. Nxe4 Nf6 5. Nxf6+ gxf6 6. c3 Qd5 7. Ne2 e5 8.
Be3 Be6 9. Ng3 Nd7 10. f4 exf4 11. Bxf4 h5 12. Qf3 Qxf3 13. gxf3 Nb6 14. Bd3 h4
15. Nf5 Nd5 16. Bd2 Rh5 17. Ne3 Nf4 18. Bc2 O-O-O 19. Ng4 Nd5 20. O-O-O f5 21.
Ne3 Nxe3 22. Bxe3 Bd6 23. f4 h3 24. Rhg1 Re8 25. Kd2 Rh4 26. Rdf1 Rg4 27. d5
Rg2+ 28. Kc1 Bxd5 29. Bxf5+ Kc7 30. Bxh3 Rxh2 31. Rg3 Rxh3 32. Rxh3 Bg2 33. Rh7
Bxf1 34. Kd2 Re7 35. b3 b6 36. a4 Bg2 37. Rh5 a5 38. Rg5 Be4 39. Rg8 Bd5 40. c4
Bb4+ 41. Kd3 Be4+ 0-1

[Event "Pro-Am 2010"]
[Site "Villa Martelli ARG"]
[Date "2010.10.21"]
[Round "8.10"]
[White "Zamorano, Jorge Adrian"]
[Black "Scarella, Enrique Alejandro"]
[Result "1-0"]
[WhiteElo "2271"]
[BlackElo "2380"]
[PlyCount "71"]
[EventDate "2010.10.10"]
[EventType "swiss"]
[EventRounds "9"]
[EventCountry "ARG"]
[Source "lmi"]
[SourceDate "2010.10.10"]

1. d4 c5 2. d5 Nf6 3. c4 d6 4. Nc3 g6 5. Nf3 Bg7 6. e4 O-O 7. Bd3 e6 8. O-O
exd5 9. exd5 Na6 10. h3 Nc7 11. Bg5 h6 12. Bf4 a6 13. a4 Rb8 14. Qb3 b6 15.
Rfe1 Re8 16. Bh2 Rxe1+ 17. Rxe1 Nce8 18. Qa3 Rb7 19. b4 Re7 20. Rxe7 Qxe7 21.
a5 cxb4 22. Qxb4 bxa5 23. Qxa5 Nd7 24. Ne4 f5 25. Nxd6 Nxd6 26. Qc7 Bf8 27.
Bxd6 Qxd6 28. Qxc8 Nc5 29. Bc2 Qf4 30. Qe8 Kg7 31. Ne5 Qc1+ 32. Bd1 Qxd1+ 33.
Kh2 Bd6 34. Qxg6+ Kh8 35. Qxh6+ Kg8 36. Qxd6 1-0

[Event "Pro-Am 2010"]
[Site "Villa Martelli ARG"]
[Date "2010.10.21"]
[Round "8.11"]
[White "Ricardi, Pablo"]
[Black "Pichot, Alan"]
[Result "1-0"]
[WhiteElo "2517"]
[BlackElo "2160"]
[PlyCount "35"]
[EventDate "2010.10.10"]
[EventType "swiss"]
[EventRounds "9"]
[EventCountry "ARG"]
[Source "lmi"]
[SourceDate "2010.10.10"]

1. Nf3 d5 2. g3 c5 3. Bg2 Nc6 4. d4 Nf6 5. O-O e6 6. c4 cxd4 7. cxd5 exd5 8.
Nxd4 Nxd4 9. Qxd4 Be6 10. Nc3 Qd7 11. Rd1 Rd8 12. Qxa7 h6 13. Be3 Bh3 14. Nxd5
Nxd5 15. Rxd5 Qxd5 16. Bxd5 Rxd5 17. Qxb7 Be6 18. Qc6+ 1-0

[Event "Pro-Am 2010"]
[Site "Villa Martelli ARG"]
[Date "2010.10.21"]
[Round "8.12"]
[White "Valerga, Diego"]
[Black "Paveto, Kevin"]
[Result "1-0"]
[WhiteElo "2508"]
[BlackElo "2256"]
[PlyCount "31"]
[EventDate "2010.10.10"]
[EventType "swiss"]
[EventRounds "9"]
[EventCountry "ARG"]
[Source "lmi"]
[SourceDate "2010.10.10"]

1. e4 e5 2. f4 exf4 3. Bc4 h6 4. d4 g5 5. h4 Qf6 6. Nc3 Bb4 7. Qh5 g4 8. e5 Qg7
9. Bxf4 Nc6 10. Nge2 d6 11. O-O dxe5 12. Bxe5 Nxe5 13. dxe5 Rh7 14. Rxf7 Qxf7
15. Bxf7+ Rxf7 16. e6 1-0

[Event "Pro-Am 2010"]
[Site "Villa Martelli ARG"]
[Date "2010.10.21"]
[Round "8.13"]
[White "Languidey, Simon Alejandro"]
[Black "Slipak, Sergio"]
[Result "0-1"]
[WhiteElo "2257"]
[BlackElo "2446"]
[PlyCount "108"]
[EventDate "2010.10.10"]
[EventType "swiss"]
[EventRounds "9"]
[EventCountry "ARG"]
[Source "lmi"]
[SourceDate "2010.10.10"]

1. e4 e5 2. Nf3 Nc6 3. Bc4 d6 4. Nc3 Be7 5. d3 Bg4 6. Be3 Nd4 7. Bxd4 exd4 8.
Nd5 Nf6 9. h3 Bxf3 10. Qxf3 O-O 11. O-O Nd7 12. Nxe7+ Qxe7 13. Qg3 a5 14. a3 a4
15. f4 Ra5 16. Qf2 c5 17. Qd2 Raa8 18. Rae1 Kh8 19. c3 dxc3 20. bxc3 Rab8 21.
Rb1 Qd8 22. Rb5 b6 23. Re1 Nf6 24. Ba2 h6 25. d4 Qd7 26. Qd3 Rfd8 27. Rb2 d5
28. e5 c4 29. Qf3 Ne4 30. Rxe4 dxe4 31. Qxe4 b5 32. Rf2 f5 33. exf6 gxf6 34.
Qf3 Re8 35. Kh2 Re1 36. Qh5 Qg7 37. d5 Re3 38. Bb1 Qg3+ 39. Kg1 Re1+ 40. Rf1
Rxf1+ 41. Kxf1 Qxf4+ 42. Kg1 Qc1+ 43. Kh2 Qxb1 44. Qxh6+ Qh7 45. Qxf6+ Qg7 46.
Qe6 Rg8 47. g4 Qg5 48. d6 Rd8 49. Kg3 Qg7 50. Kh2 Qd7 51. Qh6+ Kg8 52. Qg5+ Kf7
53. Qd5+ Kf8 54. Qf3+ Kg7 0-1

[Event "Pro-Am 2010"]
[Site "Villa Martelli ARG"]
[Date "2010.10.21"]
[Round "8.14"]
[White "Mayorga, Nicolas"]
[Black "Orsini, Antonio"]
[Result "1-0"]
[WhiteElo "2247"]
[BlackElo "2390"]
[PlyCount "77"]
[EventDate "2010.10.10"]
[EventType "swiss"]
[EventRounds "9"]
[EventCountry "ARG"]
[Source "lmi"]
[SourceDate "2010.10.10"]

1. Nf3 Nf6 2. c4 g6 3. Nc3 Bg7 4. e4 d6 5. d4 O-O 6. Be2 Na6 7. O-O e5 8. Be3
Ng4 9. Bg5 Qe8 10. h3 h6 11. Bc1 Nf6 12. dxe5 dxe5 13. Be3 Qe7 14. Qc1 Kh7 15.
Nd5 Qd8 16. Rd1 Nxe4 17. Nb6 axb6 18. Rxd8 Rxd8 19. a3 Nec5 20. Nd2 f5 21. b4
Nd3 22. Qf1 e4 23. Rd1 Nb2 24. Rb1 Nb8 25. c5 bxc5 26. Nc4 Nd3 27. bxc5 Be6 28.
Nd2 Rxa3 29. Rxb7 f4 30. Nb1 Ra2 31. Bd2 g5 32. Bc3 Bxc3 33. Nxc3 Rc2 34. Rxc7+
Kg8 35. Bxd3 exd3 36. Qe1 Re2 37. Nxe2 d2 38. Qd1 Bb3 39. Qxb3+ 1-0

[Event "Pro-Am 2010"]
[Site "Villa Martelli ARG"]
[Date "2010.10.21"]
[Round "8.15"]
[White "Julia, Ernesto"]
[Black "Ibar, Marcelo"]
[Result "1-0"]
[WhiteElo "2388"]
[BlackElo "2217"]
[PlyCount "131"]
[EventDate "2010.10.10"]
[EventType "swiss"]
[EventRounds "9"]
[EventCountry "ARG"]
[Source "lmi"]
[SourceDate "2010.10.10"]

1. d4 Nf6 2. Nc3 d5 3. Bg5 e6 4. e4 Bb4 5. e5 h6 6. Bh4 g5 7. Bg3 Ne4 8. Nge2
c5 9. a3 Bxc3+ 10. Nxc3 Qa5 11. dxc5 Nxc3 12. Qd2 Qxc5 13. Qxc3 Qxc3+ 14. bxc3
Nc6 15. h4 g4 16. h5 Ne7 17. Be2 Nf5 18. Bf4 Rg8 19. Rb1 b6 20. Rb4 Bd7 21. Bd3
Rh8 22. Bd2 g3 23. Rh3 gxf2+ 24. Kxf2 O-O-O 25. g4 Ne7 26. Rf4 Nc6 27. Ba6+ Kc7
28. Rxf7 Rdf8 29. Rhf3 Rxf7 30. Rxf7 Kd8 31. Bf4 Rg8 32. Be2 d4 33. c4 Rh8 34.
Rf6 Ke7 35. Kf3 Bc8 36. Kg3 Ba6 37. Bd3 Bc8 38. Be4 Bd7 39. Kf3 a5 40. Ke2 a4
41. Kd3 Be8 42. Bf3 Rh7 43. Ke4 Nd8 44. Kxd4 Bc6 45. Be2 Nf7 46. Bd3 Rg7 47.
Be2 Rh7 48. Ke3 Rh8 49. Bd3 Rg8 50. Be2 Bg2 51. Rg6 Rc8 52. Bd3 b5 53. cxb5 Rc3
54. Kd4 Rxa3 55. Bxh6 Ra1 56. Bd2 Rb1 57. c4 Rd1 58. Bb4+ Kd7 59. Rg7 Ke8 60.
Ke3 Nxe5 61. Be2 Rb1 62. Bc5 Nf7 63. g5 a3 64. g6 Nh6 65. Re7+ Kd8 66. Ra7 1-0

[Event "Pro-Am 2010"]
[Site "Villa Martelli ARG"]
[Date "2010.10.22"]
[Round "9.1"]
[White "Diaz Hollemaert, Nahuel"]
[Black "Flores, Diego"]
[Result "1/2-1/2"]
[WhiteElo "2443"]
[BlackElo "2615"]
[PlyCount "21"]
[EventDate "2010.10.10"]
[EventType "swiss"]
[EventRounds "9"]
[EventCountry "ARG"]
[Source "lmi"]
[SourceDate "2010.10.10"]

1. d4 Nf6 2. Nf3 e6 3. g3 b5 4. Bg2 Bb7 5. O-O c5 6. c3 Be7 7. dxc5 Bxc5 8. b4
Be7 9. a4 bxa4 10. Qxa4 O-O 11. c4 1/2-1/2

[Event "Pro-Am 2010"]
[Site "Villa Martelli ARG"]
[Date "2010.10.22"]
[Round "9.3"]
[White "Rodriguez Vila, Andres"]
[Black "Zamorano, Jorge Adrian"]
[Result "1-0"]
[WhiteElo "2537"]
[BlackElo "2271"]
[PlyCount "111"]
[EventDate "2010.10.10"]
[EventType "swiss"]
[EventRounds "9"]
[EventCountry "ARG"]
[Source "lmi"]
[SourceDate "2010.10.10"]

1. e4 d6 2. d4 Nf6 3. Nc3 g6 4. h3 Bg7 5. Be3 c6 6. g4 b5 7. Bg2 b4 8. Nce2 O-O
9. Ng3 Nbd7 10. Qd2 e5 11. N1e2 d5 12. O-O Ba6 13. Rfe1 Re8 14. Rad1 Qc7 15. b3
dxe4 16. Qxb4 exd4 17. Bf4 Nd5 18. Bxc7 Nxb4 19. Nxd4 Bxd4 20. Rxd4 Nxc2 21.
Rxd7 Nxe1 22. Bxe4 Re6 23. Ba5 Rae8 24. Bxe1 f5 25. gxf5 gxf5 26. Rxa7 Bc8 27.
Nxf5 Rg6+ 28. Kf1 Rxe4 29. Ra8 Re8 30. Rxc8 Rxc8 31. Ne7+ Kf7 32. Nxc8 Rh6 33.
Kg2 Rg6+ 34. Kf3 Rh6 35. Kg4 Rg6+ 36. Kf4 Rf6+ 37. Ke3 Re6+ 38. Kd2 c5 39. a4
Ra6 40. Kd3 Ke6 41. a5 Kd5 42. Nb6+ Kc6 43. f4 Ra7 44. Bc3 Rf7 45. Ke4 Re7+ 46.
Kf3 Rf7 47. Kg4 Re7 48. Kf3 Rf7 49. Nc4 Kd5 50. Kg4 Rb7 51. Nb6+ Ke6 52. f5+
Kf7 53. Kf4 Re7 54. Nc4 Rc7 55. Nd6+ Kf8 56. f6 1-0

[Event "Pro-Am 2010"]
[Site "Villa Martelli ARG"]
[Date "2010.10.22"]
[Round "9.4"]
[White "Pierrot, Juan Facundo"]
[Black "Perez Ponsa, Federico"]
[Result "0-1"]
[WhiteElo "2431"]
[BlackElo "2469"]
[PlyCount "106"]
[EventDate "2010.10.10"]
[EventType "swiss"]
[EventRounds "9"]
[EventCountry "ARG"]
[Source "lmi"]
[SourceDate "2010.10.10"]

1. d4 Nf6 2. Nf3 g6 3. c4 Bg7 4. Nc3 d6 5. g3 O-O 6. Bg2 Nc6 7. d5 Na5 8. Nd2
c5 9. O-O a6 10. Qc2 Rb8 11. Rb1 b5 12. b3 e5 13. Bb2 h5 14. a3 Bf5 15. e4 Bd7
16. cxb5 axb5 17. b4 Nb7 18. Nd1 Rc8 19. Qd3 h4 20. Ne3 c4 21. Qc2 Bh6 22. Rbe1
Nh5 23. Bc3 hxg3 24. hxg3 Qb6 25. Kh2 Kg7 26. Bh3 Bxh3 27. Kxh3 Rh8 28. Kg2
Bxe3 29. Rxe3 Nf6 30. Qd1 Rh5 31. Ree1 Qa7 32. Rh1 Qxa3 33. Qf3 Qa7 34. Rxh5
Nxh5 35. Ra1 Qb6 36. Nf1 Nf6 37. Ne3 Qd8 38. Nc2 Ra8 39. Rh1 Ra2 40. Bd2 Ng8
41. Qc3 Qa8 42. Bc1 Qa4 43. Na3 Qb3 44. Nxb5 Nf6 45. Re1 Ng4 46. Be3 Qxc3 47.
Nxc3 Rb2 48. b5 Nxe3+ 49. Rxe3 Nc5 50. Kf3 Nd3 51. Re2 Rb3 52. Nd1 Rxb5 53. Rc2
Ne1+ 0-1

[Event "Pro-Am 2010"]
[Site "Villa Martelli ARG"]
[Date "2010.10.22"]
[Round "9.5"]
[White "Tristan, Leonardo"]
[Black "Dos Santos, Ramiro"]
[Result "0-1"]
[WhiteElo "2401"]
[BlackElo "2438"]
[PlyCount "126"]
[EventDate "2010.10.10"]
[EventType "swiss"]
[EventRounds "9"]
[EventCountry "ARG"]
[Source "lmi"]
[SourceDate "2010.10.10"]

1. e4 e5 2. Nf3 Nc6 3. Bb5 g6 4. d4 exd4 5. Bg5 Be7 6. Bf4 Nf6 7. e5 Nd5 8. Bh6
a6 9. Bxc6 dxc6 10. Qxd4 Nb4 11. Qxd8+ Bxd8 12. Na3 Bg4 13. Ke2 Be7 14. h3
Bxf3+ 15. Kxf3 O-O-O 16. h4 Rd5 17. Kg3 Re8 18. f4 Rd2 19. Rad1 Rxd1 20. Rxd1
Nxa2 21. Bg5 Nc3 22. Rh1 Ne2+ 23. Kf3 Nd4+ 24. Ke4 Nf5 25. Bxe7 Rxe7 26. Kf3
Rd7 27. g4 Nd4+ 28. Ke4 Ne6 29. f5 Nc5+ 30. Kf3 gxf5 31. gxf5 Rd5 32. Kf4 Rd4+
33. Kg5 Ne4+ 34. Kh6 Ng3 35. Rh3 Nxf5+ 36. Kg5 Ne7 37. Kf6 Kd7 38. Kxf7 Rf4+
39. Kg7 Nf5+ 40. Kf6 Ne7+ 41. Kg7 h5 42. Kh6 Ke6 43. Kxh5 Kxe5 44. Kg5 Rf5+ 45.
Kg4 Rf2 46. Kg3 Rf1 47. Kg2 Rf4 48. h5 b5 49. h6 Rf8 50. h7 Rh8 51. Nb1 Nd5 52.
Rh6 Nf6 53. Nd2 Rxh7 54. Nf3+ Kf5 55. Nd4+ Ke4 56. Rxh7 Nxh7 57. Nxc6 Ke3 58.
Nb4 a5 59. Nd5+ Kd2 60. Nxc7 b4 61. c4 a4 62. Nd5 a3 63. bxa3 b3 0-1

[Event "Pro-Am 2010"]
[Site "Villa Martelli ARG"]
[Date "2010.10.22"]
[Round "9.6"]
[White "Saldano Dayer, Horacio"]
[Black "Real De Azua, Ernesto"]
[Result "1-0"]
[WhiteElo "2406"]
[BlackElo "2432"]
[PlyCount "102"]
[EventDate "2010.10.10"]
[EventType "swiss"]
[EventRounds "9"]
[EventCountry "ARG"]
[Source "lmi"]
[SourceDate "2010.10.10"]

1. e4 c5 2. Nf3 d6 3. Bc4 Nc6 4. c3 Nf6 5. d3 g6 6. Bb3 Bg7 7. O-O O-O 8. h3 b5
9. a3 a5 10. Re1 Ba6 11. d4 a4 12. Bc2 Nd7 13. Be3 Qc7 14. Nbd2 Na5 15. Bd3
Rfb8 16. Qe2 Nc4 17. Nxc4 bxc4 18. Bb1 cxd4 19. Bxd4 Nc5 20. Bxc5 Qxc5 21. Ba2
Ra7 22. Rad1 Rab7 23. Rd2 e6 24. Red1 Rb6 25. Rc2 d5 26. exd5 exd5 27. Qd2 Bb7
28. Re1 Re6 29. Qf4 Rbe8 30. Rxe6 fxe6 31. Re2 Bc8 32. Bb1 Qe7 33. Qd2 Bd7 34.
h4 Qf8 35. h5 Bh6 36. Qc2 Qf5 37. hxg6 hxg6 38. Qd1 Qh5 39. Re5 Qg4 40. Qc2 Re7
41. Qxg6+ Qxg6 42. Bxg6 Kg7 43. Bh5 Bc8 44. Bg4 Kf6 45. Re2 Bf4 46. g3 Bd6 47.
Ne1 Rg7 48. Bh3 Rh7 49. Kg2 Bd7 50. f4 Rh8 51. Nf3 Bc8 1-0

[Event "Pro-Am 2010"]
[Site "Villa Martelli ARG"]
[Date "2010.10.22"]
[Round "9.7"]
[White "Ricardi, Pablo"]
[Black "Dolezal, Cristian"]
[Result "1/2-1/2"]
[WhiteElo "2517"]
[BlackElo "2413"]
[PlyCount "81"]
[EventDate "2010.10.10"]
[EventType "swiss"]
[EventRounds "9"]
[EventCountry "ARG"]
[Source "lmi"]
[SourceDate "2010.10.10"]

1. Nf3 g6 2. d4 Bg7 3. e4 d6 4. Nc3 Nf6 5. h3 O-O 6. Bg5 c5 7. dxc5 Qa5 8. Bd3
Qxc5 9. O-O Nc6 10. Qd2 Rd8 11. a3 d5 12. b4 Qd6 13. exd5 Nxd5 14. Ne4 Qc7 15.
Rae1 Bf5 16. Bh6 Ne5 17. Nxe5 Bxe5 18. Qg5 Bf4 19. Qh4 Bxe4 20. Rxe4 Bxh6 21.
Qxh6 Nf6 22. Rc4 Qe5 23. Qd2 Rd7 24. Re1 Qb2 25. Qe3 a5 26. Qe5 Qxa3 27. Ra1
Rd5 28. Qe1 Qb2 29. bxa5 Re5 30. Qb1 Qxb1+ 31. Rxb1 Raxa5 32. Rxb7 Ra1+ 33. Kh2
h5 34. Kg3 Rae1 35. Rcb4 Kg7 36. Rb1 Ne4+ 37. Bxe4 R1xe4 38. R1b5 Rxb5 39. Rxb5
Rc4 40. Re5 Rc3+ 41. f3 1/2-1/2

[Event "Pro-Am 2010"]
[Site "Villa Martelli ARG"]
[Date "2010.10.22"]
[Round "9.8"]
[White "Valerga, Diego"]
[Black "De Dovitiis, Alejo"]
[Result "1/2-1/2"]
[WhiteElo "2508"]
[BlackElo "2366"]
[PlyCount "59"]
[EventDate "2010.10.10"]
[EventType "swiss"]
[EventRounds "9"]
[EventCountry "ARG"]
[Source "lmi"]
[SourceDate "2010.10.10"]

1. e4 c5 2. Nf3 e6 3. d4 cxd4 4. Nxd4 a6 5. Bd3 Ne7 6. O-O Nbc6 7. Nxc6 Nxc6 8.
Qg4 h5 9. Qe2 Ne5 10. Nd2 Qh4 11. Nf3 Nxf3+ 12. Qxf3 Bd6 13. g3 Qf6 14. Qxf6
gxf6 15. Be3 b5 16. a4 b4 17. c3 Bb7 18. cxb4 Bxb4 19. Rfc1 h4 20. Bc5 Bxc5 21.
Rxc5 Ke7 22. b4 hxg3 23. fxg3 f5 24. exf5 Rxh2 25. Kxh2 Rh8+ 26. Kg1 Rh1+ 27.
Kf2 Rxa1 28. fxe6 fxe6 29. Ra5 Ra2+ 30. Ke3 1/2-1/2

[Event "Pro-Am 2010"]
[Site "Villa Martelli ARG"]
[Date "2010.10.22"]
[Round "9.9"]
[White "Perez Rodriguez, Luis Manuel"]
[Black "Fusco, Leonardo"]
[Result "1/2-1/2"]
[WhiteElo "2483"]
[BlackElo "2359"]
[PlyCount "51"]
[EventDate "2010.10.10"]
[EventType "swiss"]
[EventRounds "9"]
[EventCountry "ARG"]
[Source "lmi"]
[SourceDate "2010.10.10"]

1. e4 c5 2. Nf3 d6 3. d4 cxd4 4. Nxd4 Nf6 5. Nc3 a6 6. Bg5 Nbd7 7. f4 Qc7 8.
Qe2 e6 9. O-O-O Be7 10. g4 h6 11. Bh4 g5 12. fxg5 Nh7 13. Bg3 Bxg5+ 14. Kb1 Ne5
15. Nf3 Be7 16. Nxe5 dxe5 17. h4 Nf8 18. Qh2 f6 19. Bh3 Ng6 20. g5 hxg5 21.
hxg5 fxg5 22. Qf2 Bd7 23. Bg4 Rf8 24. Rxd7 Qxd7 25. Qb6 Qc6 26. Qb3 1/2-1/2

[Event "Pro-Am 2010"]
[Site "Villa Martelli ARG"]
[Date "2010.10.22"]
[Round "9.10"]
[White "Slipak, Sergio"]
[Black "Guerrero, Alvaro"]
[Result "1-0"]
[WhiteElo "2446"]
[BlackElo "2270"]
[PlyCount "79"]
[EventDate "2010.10.10"]
[EventType "swiss"]
[EventRounds "9"]
[EventCountry "ARG"]
[Source "lmi"]
[SourceDate "2010.10.10"]

1. d4 d6 2. Nf3 Nf6 3. g3 g6 4. Bg2 Bg7 5. O-O O-O 6. a4 Nbd7 7. a5 a6 8. Nc3
c5 9. e4 cxd4 10. Nxd4 Nc5 11. h3 e5 12. Nde2 b5 13. axb6 Qxb6 14. Be3 Qc6 15.
Nd5 Nxd5 16. exd5 Qc7 17. Qd2 Bb7 18. Ra5 Nd7 19. c4 Rfc8 20. Rc1 Bf6 21. b4
Bd8 22. Ra2 Be7 23. Rac2 Rcb8 24. c5 Nf8 25. f4 Bf6 26. Nc3 Bg7 27. Ne4 dxc5
28. bxc5 f5 29. Nf2 e4 30. c6 Bc8 31. d6 Qf7 32. Bf1 Be6 33. Bc4 Bxc4 34. Rxc4
Rb3 35. d7 Rd8 36. c7 Rxd7 37. Qe2 Rb2 38. Qf1 Rb3 39. c8=Q Rxe3 40. Rc7 1-0